| 000 | 00700nam a22002417a 4500 | ||
|---|---|---|---|
| 999 |
_c1002 _d1002 |
||
| 001 | 6135 | ||
| 003 | BD-DhUAP | ||
| 005 | 20200129161321.0 | ||
| 008 | 200129s2001 ii a 001 0 eng d | ||
| 040 |
_aMH-L _cMH-L _dBD-DhUAP _bEng |
||
| 082 | 0 | 0 |
_a340 PIL _223 |
| 100 | 1 | _aPillai, P. S. Atchuthen. | |
| 245 | 1 | 0 |
_aJurisprudence and legal theory / _cP. S. Atchuthen Pillai. |
| 250 | _aNew rev. 3rd ed. | ||
| 260 |
_aLucknow : _bEastern Book Co., _cc2001. |
||
| 300 |
_axvi, 341 pages : _billustrations ; _c21 cm. |
||
| 504 | _aIncludes index. | ||
| 650 | 0 | _aJurisprudence. | |
| 650 | 0 |
_aLaw _xPhilosophy. |
|
| 942 |
_2ddc _cBK |
||